Time Series Modeling in Economics Workshop Proceedings No.1

Guardado en:
Detalles Bibliográficos
Otros Autores: Kunst, Robert M.
Formato: Libro
Lenguaje:inglés
Publicado: Wien Institut für Höhere Studien 1987
Edición:1. ed.
Etiquetas: Agregar Etiqueta
Sin Etiquetas, Sea el primero en etiquetar este registro!

MARC

LEADER 00000nam a2200000 4500
001 c036151
005 20221219120734.9
041 0 |a eng 
044 |a AT 
245 1 0 |a Time Series Modeling in Economics  |b Workshop Proceedings No.1  |c Edit. Robert M. Kunst 
250 |a 1. ed. 
264 1 |a Wien  |b Institut für Höhere Studien  |c 1987 
300 |a Prer. s. 
700 1 |a Kunst, Robert M.